000 00473 a2200169 4500
001 189465
020 _a978-85-7631-151-5
040 _cMagnum
100 _aFundação Alexandre de Gusmão
240 1 0 _aUnderstanding Brazil
_lING
245 1 0 _aUnderstanding Brazil
300 _a68
362 0 _a2009
440 1 _aFundação Alexandre de Gusmão
697 _aRELALÇÕES INTERNACIONAIS, POLÍTICA MUNDIAL. POLÍTICA INTERNACIONAL. POLÍTICA EXTERNA
942 _cBK
999 _c189465
_d189465